Natural rubber-silver nanocomposites: Via a novel route for nanocomposites (Record no. 53149)

MARC details
000 -LEADER
fixed length control field 00413nam a2200133Ia 4500
100 ## - MAIN ENTRY--AUTHOR NAME
Personal name Jacob M K
245 #0 - TITLE STATEMENT
Title Natural rubber-silver nanocomposites: Via a novel route for nanocomposites
260 ## - PUBLICATION, DISTRIBUTION, ETC. (IMPRINT)
Name of publisher International Rubber Conference & Exhibition 2010, 17-19 November 2010, Mumbai
700 ## - ADDED ENTRY--PERSONAL NAME
Personal name Alex R
700 ## - ADDED ENTRY--PERSONAL NAME
Personal name Brito I
700 ## - ADDED ENTRY--PERSONAL NAME
Personal name Thomas K T
942 ## - ADDED ENTRY ELEMENTS (KOHA)
Koha item type Bibliography STAF
Holdings
Withdrawn status Lost status Damaged status Not for loan Home library Current library Date acquired Koha item type
      Bibliography RRII Library RRII Library 09/04/2014 Bibliography STAF